00610nam a2200181 i 4500001000700000003000900007005001700016008004100033080002100074100003800095245006100133260004800194300002000242504002700262651002500289710005100314852006300365184802ES-MaACL20250809063541.0160119s1974 sp |||| | spa d a946.741 Abarán1 aVilar, Juan Bautista, d1941-201810aNotas para una historia de Abarán / cJuan Bta. Vilar. aMurcia : bDiputación Provincial, c1974. a8 p. ; c21 cm. aBibliografía: p. [8] 7aAbarán-xHistoria.1 aMurcia (Provincia). bDiputación Provincial. aES-MaACLj1607-F-6 z. - Dedicatoria autógrafa del autor